| 000 | 00767nam a2200229 a 4500 | ||
|---|---|---|---|
| 005 | 20230302063646.0 | ||
| 008 | 160815s2013 mx r 000 0 spa d | ||
| 020 | _a9786074016901 | ||
| 035 | _aUPN01000212313 | ||
| 049 | _aCG | ||
| 050 | 4 |
_aHV4005 _bS2.3 |
|
| 100 | 1 |
_aSandoval Forero, Eduardo _934631 |
|
| 245 | 1 | 0 |
_aFamilia y migración / _cEduardo Andrés Sandoval Forero, Rosa Patricia Román Reyes, Renato Salas Alfaro. |
| 260 |
_aMéxico : _bMiguel Angel Porrúa : _bUAEM, _c2013. |
||
| 300 |
_a208 p. : _bgráfs., cuadros |
||
| 440 | 0 | _aDesarrollo y migración | |
| 650 | 4 |
_aFAMILIAS INMIGRANTES _925204 |
|
| 700 | 1 |
_aSalas Alfaro, Renato, _ecoaut. _941109 |
|
| 700 | 1 |
_aRomán Reyes, Rosa Patricia, _ecoaut. _939432 |
|
| 905 | _aLibro | ||
| 999 |
_c184413 _d184413 |
||